00709nam a22002297a 45000010005000000030006000050050017000110080041000280200017000690400029000860820011001151000029001262450038001552600051001933000050002444900023002945050008003175200079003255210029004045210020004336500026004534512FISKH20250605102056.0240912b cb ||||| |||| 00| 0 eng d a708431212060 aFISKHbengcFISKHdFISKH a629.04 aLeap Frog eby LeapFrog  aLet's explore : Things that go / aCalifornia : bLeapFrog Interprises ; c2012.  a49 pages : bcolor illustrations ; c24 cm .  aTag reading system aM  aLearn all about cars, trucks, airplanes, trains, and other things that go!8 a550 bLexile estimate 8 aM bRaz-Plus  avehiclesvnon-fiction